NFL Top 10 Sacks 2020s - Statistics

General Stats
  • This quiz has been taken 39 times
  • The average score is 38 of 62
Answer Stats
Year Player Team % Correct
2025: 1 Browns Myles Garrett
97%
2024: 2 Browns Myles Garrett
97%
2023: 8 Browns Myles Garrett
97%
2022: 3 Browns Myles Garrett
97%
2021: 3 Browns Myles Garrett
97%
2020: 6 Browns Myles Garrett
97%
2024: 9 Steelers T.J. Watt
89%
2023: 1 Steelers T.J. Watt
89%
2021: 1 Steelers T.J. Watt
89%
2020: 1 Steelers T.J. Watt
89%
2022: 10 Cardinals J.J. Watt
86%
2025: 7 Packers Micah Parsons
83%
2024: 7 Cowboys Micah Parsons
83%
2023: 7 Cowboys Micah Parsons
83%
2022: 7 Cowboys Micah Parsons
83%
2021: 6 Cowboys Micah Parsons
83%
2025: 4 Lions Aidan Hutchinson
80%
2022: 1 49ers Nick Bosa
80%
2021: 4 49ers Nick Bosa
80%
2024: 1 Bengals Trey Hendrickson
80%
2023: 2 Bengals Trey Hendrickson
80%
2021: 5 Bengals Trey Hendrickson
80%
2020: 3 Saints Trey Hendrickson
80%
2025: 8 Texans Will Anderson Jr.
80%
2024: 10 Texans Will Anderson Jr.
80%
2023: 6 Raiders Maxx Crosby
77%
2022: 8 Raiders Maxx Crosby
77%
2025: 2 Giants Brian Burns
74%
2022: 9 Panthers Brian Burns
74%
2022: 4 Chiefs Chris Jones
74%
2025: 3 Texans Danielle Hunter
74%
2024: 6 Texans Danielle Hunter
74%
2023: 5 Vikings Danielle Hunter
74%
2021: 7 Rams Aaron Donald
71%
2020: 2 Rams Aaron Donald
71%
2023: 4 Chargers Khalil Mack
66%
2025: 5 Broncos Nik Bonitto
60%
2024: 3 Broncos Nik Bonitto
60%
2025: 9 Cardinals Josh Sweat
54%
2023: 10 Commanders/Bears Montez Sweat
54%
2023: 3 Jaguars Josh Hines-Allen
51%
2021: 9 Saints Cameron Jordan
49%
2020: 4 Packers Za'Darius Smith
43%
2025: 10 Rams Byron Young
40%
2022: 5 Patriots Matt Judon
37%
2021: 8 Patriots Matt Judon
37%
2024: 10 Seahawks Leonard Williams
34%
2020: 7 Giants Leonard Williams
34%
2022: 2 Eagles Haason Reddick
31%
2020: 5 Cardinals Haason Reddick
31%
2022: 6 Steelers Alex Highsmith
26%
2024: 8 Vikings Andrew Van Ginkel
23%
2024: 5 Vikings Jonathan Greenard
23%
2023: 10 Texans Jonathan Greenard
23%
2024: 4 Ravens Kyle Van Noy
23%
2021: 10 Titans Harold Landry
17%
2023: 9 Ravens Nnamdi Madubuike
17%
2021: 2 Bears Robert Quinn
14%
2025: 6 Chargers Tuli Tuipulotu
14%
2020: 9 Rams Leonard Floyd
11%
2020: 10 Lions Romeo Okwara
3%
2020: 8 Steelers Stephon Tuitt
3%
No matching quizzes found
Score Distribution
Percent of People with Each Score
Percentile by Number Answered
Your Score History
You have not taken this quiz